00591nam a2200205Ia 4500003000900000008004100009020001800050040001600068080001600084100002700100245005900127250001200186260004200198300001500240490005000255650002300305650002200328650001600350650001900366IN-BaIIA211028s9999 xx 000 0 eng d a0-13-250597-5 cIIA Library a621.38bRAS aRaskhodoff, Nicholas M 0aElectronic drafting and designcNicholas M. Raskhodoff a2nd ed. aEnglewood CliffsbPrentice-Hallc1972 axvi, 666p. aPrentice-Hall series in electronic technology aElectronic control aElectronic design aElectronics aNASA Thesaurus